| 000 | 00827nam a22002297a 4500 | ||
|---|---|---|---|
| 005 | 2008090307237.0 | ||
| 008 | 080903t xxu||||| |||| 00| 0 eng d | ||
| 010 | _aENG-90889 | ||
| 020 |
_a9788178803753 _c500.00 |
||
| 035 | _aEN-74422 | ||
| 037 | _bDBAD / PUB | ||
| 040 |
_aDPL _bEnglish |
||
| 082 | _a380.1 | ||
| 100 | _aChaudhary, A.K. | ||
| 245 |
_aDictionary of commerce / _cby A.K. Chaudhary |
||
| 260 |
_aNew Delhi _bRajat Publications _c2008 |
||
| 270 |
_a4675/21, Ansari Raod, Darya Ganj, _bNew Delhi _e110002 |
||
| 300 |
_a202p. _c23 cm (Hb) |
||
| 650 |
_aCommerce _xDictionaries |
||
| 942 |
_2ddc _cEN _mCHA _h380.1 |
||
| 999 |
_c15306 _d15306 |
||